00533nam a2200169Ia 4500003000400000008004100004040001600045082001800061100003300079245009800112260004200210300001000252490000500262650003600267650003200303650002800335GCL140319s9999 xx 000 0 ara d aGCL / cGCL04a953.03bح ف1 aحسين احمد عطوان10aالخلفاء والفقهاء فى العصر الاموى / cحسين احمد عطوان a[S.N] : bدار الجيل ، c1991 a88 ص a04aالتاريخ الاسلامى04aالدولة الاموية04aعصر الازدهار